| 000 | 00365nam a2200145Ia 4500 | ||
|---|---|---|---|
| 008 | 240729s9999 xx 000 0 und d | ||
| 022 | _a2707-7799 | ||
| 245 | 0 | _aPolytechnic | |
| 260 | _aIraq | ||
| 260 | _bErbil Polytechnic University | ||
| 650 | _aScience | ||
| 856 | _uhttps://doaj.org/toc/cc0c11f55d044caa8ee6503fa5f88304 | ||
| 942 | _2ddc | ||
| 942 | _cDOAJEJ | ||
| 999 |
_c73386 _d73386 |
||
| 945 |
_a1 _bMadushi Gamage _c1 _dMadushi Gamage |
||